| 000 | 01053nam a2200277 i 4500 | ||
|---|---|---|---|
| 001 | 184779 | ||
| 003 | ES-MaACL | ||
| 005 | 20250726053926.0 | ||
| 008 | 151221s2009 sp a |||| | spa d | ||
| 020 | _a978-84-92558-07-0 | ||
| 080 | _a351.79(460) | ||
| 100 | 1 |
_aVera Aparici, Juan A. _9158390 |
|
| 245 | 1 | 3 |
_aLa gestión institucional del agua en España 1978/2008 _b: una Constitución en papel mojado / _cJuan Antonio Vera Aparici. |
| 260 |
_a[Madrid] : _bLiteam, _c[2009] ( _fEd. Trillo) |
||
| 300 |
_a191 p. ; _c24 cm. |
||
| 500 | _aGlosarios. | ||
| 500 | _aÍndice de tablas. | ||
| 504 | _aBibliografía: p. [123]-129. | ||
| 504 | _aNormativa (legislación): p. [131]-149. | ||
| 650 | 4 |
_aGestión del agua. _9142076 |
|
| 650 | 7 |
_aAgua- _xDerecho y legislación- _zEspaña _2 _9156842 |
|
| 852 |
_aES-MaACL _jA-13515 _9191792 _bR.150407 _cDEPO1 _dOlim: N-6515 _gDedicatoria autógrafa del autor _hDonación: Juan Antonio Vera Aparici |
||
| 903 |
_9158390 _aVera Aparici, Juan A. _ednr |
||
| 942 |
_2udc _cMONOGRAFIA |
||
| 999 |
_c184779 _d184779 |
||